Public administration in the new century : (Record no. 348654)

000 -LEADER
fixed length control field 01537cam a22003374a 4500
001 - CONTROL NUMBER
control field 13541664
003 - CONTROL NUMBER IDENTIFIER
control field Nust
005 - DATE AND TIME OF LATEST TRANSACTION
control field 20180117090022.0
008 - FIXED-LENGTH DATA ELEMENTS--GENERAL INFORMATION
fixed length control field 040329s2005 at b 001 0 eng
010 ## - LIBRARY OF CONGRESS CONTROL NUMBER
LC control number 2004104730
020 ## - INTERNATIONAL STANDARD BOOK NUMBER
International Standard Book Number 0534553435
035 ## - SYSTEM CONTROL NUMBER
System control number (DLC) 2004104730
040 ## - CATALOGING SOURCE
Original cataloging agency DLC
Transcribing agency DLC
Modifying agency DLC
042 ## - AUTHENTICATION CODE
Authentication code pcc
050 00 - LIBRARY OF CONGRESS CALL NUMBER
Classification number JF1351
Item number .G694 2005
082 00 - DEWEY DECIMAL CLASSIFICATION NUMBER
Classification number 351
Edition number 22
100 1# - MAIN ENTRY--PERSONAL NAME
Personal name Greene, Jeffrey D.
245 10 - TITLE STATEMENT
Title Public administration in the new century :
Remainder of title a concise introduction /
Statement of responsibility, etc. Jeffrey D. Greene.
260 ## - PUBLICATION, DISTRIBUTION, ETC.
Place of publication, distribution, etc. Australia ;
-- Belmont, CA :
Name of publisher, distributor, etc. Wadsworth/Thomson Learning,
Date of publication, distribution, etc. c2005.
300 ## - PHYSICAL DESCRIPTION
Extent xiii, 401 p. ;
Dimensions 24 cm.
504 ## - BIBLIOGRAPHY, ETC. NOTE
Bibliography, etc. note Includes bibliographical references and index.
650 #0 - SUBJECT ADDED ENTRY--TOPICAL TERM
Topical term or geographic name entry element Public administration
Form subdivision Textbooks.
856 42 - ELECTRONIC LOCATION AND ACCESS
Materials specified Contributor biographical information
Uniform Resource Identifier <a href="http://www.loc.gov/catdir/enhancements/fy1302/2004104730-b.html">http://www.loc.gov/catdir/enhancements/fy1302/2004104730-b.html</a>
856 42 - ELECTRONIC LOCATION AND ACCESS
Materials specified Publisher description
Uniform Resource Identifier <a href="http://www.loc.gov/catdir/enhancements/fy1302/2004104730-d.html">http://www.loc.gov/catdir/enhancements/fy1302/2004104730-d.html</a>
856 41 - ELECTRONIC LOCATION AND ACCESS
Materials specified Table of contents only
Uniform Resource Identifier <a href="http://www.loc.gov/catdir/enhancements/fy1302/2004104730-t.html">http://www.loc.gov/catdir/enhancements/fy1302/2004104730-t.html</a>
906 ## - LOCAL DATA ELEMENT F, LDF (RLIN)
a 7
b cbc
c orignew
d 3
e epcn
f 20
g y-gencatlg
942 ## - ADDED ENTRY ELEMENTS (KOHA)
Source of classification or shelving scheme
Koha item type Book
Holdings
Withdrawn status Lost status Damaged status Not for loan Permanent Location Current Location Date acquired Total Checkouts Total Renewals Full call number Barcode Date last seen Date last checked out Price effective from Koha item type
        Central Library (CL) Central Library (CL) 08/28/2013 7 1 351 GRE NBS8607 12/15/2022 11/29/2022 08/28/2013 Book
© 2023 Central Library, National University of Sciences and Technology. All Rights Reserved.